000 00570nam a2200169Ia 4500
008 240729s9999 xx 000 0 und d
022 _a2536-5703
245 0 _aJournal of Anthropology of Sport and Physical Education
260 _aMontenegro
260 _bUniversity of Montenegro, Faculty for Sport and Physical Education, Montenegrin Sports Academy
650 _a Recreation. Leisure
650 _a Sports
650 _aGeography. Anthropology. Recreation
856 _uhttps://doaj.org/toc/0989536b882b47cf8d6035ec22bc3933
942 _2ddc
942 _cDOAJEJ
999 _c68078
_d68078
945 _a1
_bMadushi Gamage
_c1
_dMadushi Gamage